000 00858cam a22003017a 4500
003 CHAP
005 20220817041042.0
008 971013s1991 r 00010 d
010 _a5346
011 _a6318
035 _a5538
040 _cCHAP
082 _a633.1
_bF32y 1991
110 _aFAO
245 0 _aExamen de las políticas cerealeras, 1990-91
260 _aRoma :
_bFAO,
_c1991
300 _a68 p.
590 _aBATCH-UPD
_b10
_c20130110
_lUCH01
_h1248
590 _aBATCH-UPD
_b10
_c20130410
_lUCH01
_h0811
590 _aBATCH-UPD
_b10
_c20130914
_lUCH01
_h0912
590 _aCONVERSION
_b10
_c20130109
_lUCH01
_h1304
650 1 4 _aCereales.
_921370
650 1 4 _aPolítica alimentaria.
_990389
650 1 4 _aPolítica cerealera.
_990456
901 _aBK
942 _cLIBRO
949 _a633.1 F32y 1991
_bBC
_cLIBRO
_d-15124
_eLIBRO
_h81709
_i5538
_si
999 _c5346
_d5346